<?xml version="1.0" encoding="UTF-8"?>
<record
    xmlns:xsi="http://www.w3.org/2001/XMLSchema-instance"
    xsi:schemaLocation="http://www.loc.gov/MARC21/slim http://www.loc.gov/standards/marcxml/schema/MARC21slim.xsd"
    xmlns="http://www.loc.gov/MARC21/slim">

  <leader>00917nam a22002657a 4500</leader>
  <controlfield tag="005">20170124105934.0</controlfield>
  <datafield tag="010" ind1=" " ind2=" ">
    <subfield code="a">B-225822</subfield>
  </datafield>
  <datafield tag="020" ind1=" " ind2=" ">
    <subfield code="c">375.00</subfield>
    <subfield code="a">9780195692372</subfield>
  </datafield>
  <datafield tag="035" ind1=" " ind2=" ">
    <subfield code="a">B-225822</subfield>
  </datafield>
  <datafield tag="037" ind1=" " ind2=" ">
    <subfield code="b">Cen Lib/Ret</subfield>
  </datafield>
  <datafield tag="040" ind1=" " ind2=" ">
    <subfield code="a">DPL</subfield>
    <subfield code="b">EN</subfield>
  </datafield>
  <datafield tag="082" ind1=" " ind2=" ">
    <subfield code="a">339.46</subfield>
    <subfield code="b">CAP</subfield>
  </datafield>
  <datafield tag="245" ind1=" " ind2=" ">
    <subfield code="a">Capabilities, freedom and equality :</subfield>
    <subfield code="c">edited by Bina agarwal, Jane Humpheries [and] Ingrid Robeyns </subfield>
    <subfield code="b">amartya sen's work from a gender perspective /</subfield>
  </datafield>
  <datafield tag="260" ind1=" " ind2=" ">
    <subfield code="a">New Delhi  </subfield>
    <subfield code="c">2006</subfield>
    <subfield code="b">Oxford University Press </subfield>
  </datafield>
  <datafield tag="270" ind1=" " ind2=" ">
    <subfield code="b">New Delhi  </subfield>
    <subfield code="a">YMCA building, jai singh road </subfield>
    <subfield code="e">110001</subfield>
  </datafield>
  <datafield tag="300" ind1=" " ind2=" ">
    <subfield code="a">xiii, 553p.</subfield>
    <subfield code="c">21cm(pbk)</subfield>
  </datafield>
  <datafield tag="490" ind1=" " ind2=" ">
    <subfield code="a"> </subfield>
  </datafield>
  <datafield tag="500" ind1=" " ind2=" ">
    <subfield code="a">Includes bibliographical references and index </subfield>
  </datafield>
  <datafield tag="650" ind1=" " ind2=" ">
    <subfield code="a">Economics </subfield>
    <subfield code="9">8986</subfield>
  </datafield>
  <datafield tag="650" ind1=" " ind2=" ">
    <subfield code="a">Thoughts</subfield>
    <subfield code="x">Amratya Sen </subfield>
    <subfield code="9">8987</subfield>
  </datafield>
  <datafield tag="700" ind1=" " ind2=" ">
    <subfield code="a">Agarwal, Bina </subfield>
    <subfield code="9">8988</subfield>
  </datafield>
  <datafield tag="700" ind1=" " ind2=" ">
    <subfield code="a">Humphries, Jane </subfield>
    <subfield code="9">8989</subfield>
  </datafield>
  <datafield tag="700" ind1=" " ind2=" ">
    <subfield code="a">Robeyns, Ingrid </subfield>
    <subfield code="9">8990</subfield>
  </datafield>
  <datafield tag="942" ind1=" " ind2=" ">
    <subfield code="2">ddc</subfield>
    <subfield code="c">EN</subfield>
    <subfield code="h">339.46</subfield>
    <subfield code="m">CAP</subfield>
  </datafield>
  <datafield tag="999" ind1=" " ind2=" ">
    <subfield code="c">124038</subfield>
    <subfield code="d">124038</subfield>
  </datafield>
  <datafield tag="952" ind1=" " ind2=" ">
    <subfield code="0">0</subfield>
    <subfield code="1">0</subfield>
    <subfield code="4">0</subfield>
    <subfield code="7">0</subfield>
    <subfield code="a">L</subfield>
    <subfield code="b">L</subfield>
    <subfield code="d">2015-06-13</subfield>
    <subfield code="e">Cen Lib/Ret</subfield>
    <subfield code="g">375.00</subfield>
    <subfield code="l">0</subfield>
    <subfield code="o">339.46 CAP</subfield>
    <subfield code="p">B-225822</subfield>
    <subfield code="r">2015-06-13 00:00:00</subfield>
    <subfield code="t">1</subfield>
    <subfield code="v">375.00</subfield>
    <subfield code="w">2015-06-13</subfield>
    <subfield code="y">EN</subfield>
  </datafield>
</record>
